Detalles MARC
| 000 -LIDER |
| fixed length control field |
01760nam a2200349 a 4500 |
| 001 - NÚMERO DE CONTROL |
| Identificador de número de control |
00142 |
| 003 - IDENTIFICACDOR DE NÚMERO DE CONTROL |
| control field |
DO-SdBNP |
| 005 - DATE AND TIME OF LATEST TRANSACTION |
| control field |
20180312155306.0 |
| 007 - CAMPOS FIJOS DE DESCRIPCIÓN FÍSICA |
| fixed length control field |
00142 |
| 008 - ELEMENTOS DE LONGITUD FIJA |
| fixed length control field |
160405b dr 2010||||| |||| 00| 0 spa d |
| 020 ## - ISBN |
| International Standard Book Number |
9789945122060 |
| 040 ## - FUENTE DE CATALOGACIÓN |
| Agencia que crea de manera original el registro |
BPMSU |
| Idioma de catalogación |
spa |
| Agencia que realiza la transcripción |
BPMSU |
| 092 ## - LOCALLY ASSIGNED DEWEY DECIMAL CALL NUMBER |
| Número de clasificación |
373.7 |
| Número de ítem (Cutter) |
P349m 4to. 2013 |
| 100 1# - ASIENTO PRINCIPAL -- NOMBRE PERSONAL |
| Nombre personal |
Peña Geraldino, Rafael |
| 245 10 - MENCIÓN DE TITULO |
| Título |
Matemática 4 : |
| Subtítulo |
[educación media ] / |
| Mención de responsabilidad |
Rafael Peña Geraldino ; ilustraciones Julio César Martínez |
| 260 ## - PUBLICACIÓN, DISTRIBUCIÓN, ETC. (PIE DE IMPRENTA) |
| Lugar de publicación, distribución, etc |
Santo Domingo : |
| Nombre del editor, distribuidor, etc. |
Susaeta, |
| Fecha de publicación, distribución, etc |
2013 |
| 300 ## - DESCRIPCIÓN FÍSICA |
| Extensión |
343 p. : |
| Otros detalles físicos |
il., retrs. ; |
| Dimensiones |
28 cm. |
| 500 ## - NOTA GENERAL |
| Nota general |
Edición especial para el Ministerio de Educación. |
| 505 1# - NOTA DE CONTENIDO |
| Título |
Unidad 1 -- Conjuntos numéricos -- |
| -- |
Unidad 2 -- Expresiones algebraicas -- |
| -- |
Unidad 3 -- Factorización y fracciones algebraicas -- |
| -- |
Unidad 4 -- Funciones - Trigonometría -- |
| -- |
Unidad 5 -- Ecuaciones - Inecuaciones -- |
| -- |
Unidad 6 -- Sistemas de ecuaciones - Matrices -- |
| -- |
Unidad 7 -- Análisis combinatorio -- |
| -- |
Unidad 8 -- Sucesiones -- |
| -- |
Unidad 9 -- Funciones y derivadas - Cálculo integral -- |
| -- |
Unidad 10 -- Estadística y probabilidad -- |
| -- |
Unidad 11 -- Lógica - Teoría de conjuntos -- |
| -- |
Unidad 12 -- Geometría de las transformaciones -- |
| 650 #4 - ENCABEZAMIENTO DE MATERIA--TEMÁTICO |
| Término temático o nombre geográfico como elemento de entrada |
EDUCACIÓN SECUNDARIA |
| Subdivisión geográfica |
REPÚBLICA DOMINICANA |
| 650 #4 - ENCABEZAMIENTO DE MATERIA--TEMÁTICO |
| Término temático o nombre geográfico como elemento de entrada |
MATEMÁTICAS |
| Subdivisión temática general |
ESTUDIOS Y EJERCICIOS |
| 650 #4 - ENCABEZAMIENTO DE MATERIA--TEMÁTICO |
| Término temático o nombre geográfico como elemento de entrada |
MATEMÁTICAS |
| Subdivisión temática general |
LIBROS DE TEXTOS |
| 650 #4 - ENCABEZAMIENTO DE MATERIA--TEMÁTICO |
| Término temático o nombre geográfico como elemento de entrada |
MATEMÁTICAS |
| Subdivisión temática general |
ENSEÑANZA SECUNDARIA |
| 700 ## - ASIENTO SECUNDARIO -- NOMBRE PERSONAL |
| Término de relación |
Martínez, Julio César |
| 910 ## - VALIDACIÓN |
| Validación |
Validado. Control de calidad MFF |
| 942 ## - ADDED ENTRY ELEMENTS (KOHA) |
| Source of classification or shelving scheme |
Dewey Decimal Classification |
| Koha item type |
Libros |
| 945 ## - INFORMACIÓN DE PROCESAMIENTO LOCAL |
| Información de procesamiento local |
Remanejada para la BNPHU 2018 / BT |
| 956 ## - LOCAL ELECTRONIC LOCATION AND ACCESS (OCLC) |
| Nombre de host |
DGARCIA |
| Número de acceso |
10 |
| Información de compresión |
20150715 |
| Inicio de sesión |
BND01 |
| Procesador de solicitud |
0842 |
| 956 ## - LOCAL ELECTRONIC LOCATION AND ACCESS (OCLC) |
| Nombre de host |
YLOCKWARD |
| Número de acceso |
10 |
| Información de compresión |
20150720 |
| Inicio de sesión |
BND01 |
| Procesador de solicitud |
1321 |
| 956 ## - LOCAL ELECTRONIC LOCATION AND ACCESS (OCLC) |
| Nombre de host |
VMATEO |
| Número de acceso |
10 |
| Información de compresión |
20150720 |
| Inicio de sesión |
BPMSU |
| Procesador de solicitud |
00151 |
| 956 ## - LOCAL ELECTRONIC LOCATION AND ACCESS (OCLC) |
| Nombre de host |
BTAVÁREZ |
| Número de acceso |
10 |
| Información de compresión |
20160405 |
| Inicio de sesión |
00142 |